000 00671nam a2200229 a 4500
999 _c5505
_d5505
001 5505
003 BD-JhCC
005 20180101173717.0
008 171217s1992 bg |||| ||a| 000 0 ben d
020 _a9840726412
035 _a(BD-JhCC) 5505
040 _aBD-JhCC
_dBD-JhCC
041 _aben
082 _a510
_bHOS 1992
100 _aহোসেন, মকবুল
245 _aগাণিতিক বিশ্লেষণ /
_c মকবুল হোসেন
260 _aঢাকা :
_bবাংলা একাডেমী ঢাকা ,
_c1992
300 _a580 p .:
_c24 cm .
650 _aMathematical analysis
942 _2ddc
_cBK